000
00241nam a2200097Ia 4500
001
1114343
005
20250827004006.0
008
250824s9999 xx 000 0 und d
245
0
_a
SÜPER ÖĞRENCİ
_c
OLAV SCHEWE
260
_b
ORENDA YAYINLARI
999
_c
1114343
_d
1114343